[Event "Landsturneringen 2017"]
[Site "Clarion Energy Hotel, Stavanger"]
[Date "2017.06.30"]
[Round "1"]
[White "Christiansen, Johan-Sebastian"]
[Black "Gandrud, Vegar Koi"]
[Result "0-1"]
[WhiteElo "2458"]
[BlackElo "2330"]
[PlyCount "100"]

1. e4 {[%clk 1:30:57]} c5 {[%clk 1:30:54]} 2. Nf3 {[%clk 1:31:22]} d6
{[%clk 1:31:18]} 3. Bb5+ {[%clk 1:31:42]} Nd7 {[%clk 1:31:43]} 4. O-O
{[%clk 1:32:06]} a6 {[%clk 1:32:10]} 5. Bd3 {[%clk 1:32:32]} g6 {[%clk 1:31:55]}
6. c3 {[%clk 1:32:51]} Bg7 {[%clk 1:31:43]} 7. Bc2 {[%clk 1:33:15]} Ne5
{[%clk 1:32:02]} 8. Nxe5 {[%clk 1:31:16]} dxe5 {[%clk 1:32:26]} 9. a4
{[%clk 1:30:58]} b6 {[%clk 1:29:34]} 10. d3 {[%clk 1:30:26]} Nf6 {[%clk 1:28:39]}
11. h3 {[%clk 1:28:40]} O-O {[%clk 1:28:44]} 12. Be3 {[%clk 1:27:48]} Nd7
{[%clk 1:24:54]} 13. Nd2 {[%clk 1:04:52]} Bb7 {[%clk 1:24:58]} 14. Rb1
{[%clk 1:01:53]} Qc7 {[%clk 1:21:03]} 15. b4 {[%clk 1:00:16]} cxb4
{[%clk 1:14:59]} 16. Rxb4 {[%clk 1:00:35]} a5 {[%clk 1:10:01]} 17. Rb2
{[%clk 0:49:19]} Ba6 {[%clk 1:07:18]} 18. Qb1 {[%clk 0:49:48]} Qxc3
{[%clk 1:01:49]} 19. Nc4 {[%clk 0:40:13]} Bxc4 {[%clk 0:59:17]} 20. dxc4
{[%clk 0:40:41]} Qxc4 {[%clk 0:58:44]} 21. Rd1 {[%clk 0:38:42]} Qc7
{[%clk 0:55:30]} 22. Bb3 {[%clk 0:29:29]} e6 {[%clk 0:42:38]} 23. Rc1
{[%clk 0:25:49]} Qb7 {[%clk 0:38:05]} 24. Rd1 {[%clk 0:22:14]} Rab8
{[%clk 0:31:14]} 25. Bc4 {[%clk 0:16:57]} Rfd8 {[%clk 0:26:02]} 26. Qa2
{[%clk 0:14:28]} Qc7 {[%clk 0:24:36]} 27. Bxe6 {[%clk 0:11:34]} fxe6
{[%clk 0:24:25]} 28. Qxe6+ {[%clk 0:12:03]} Kh8 {[%clk 0:24:16]} 29. Bg5
{[%clk 0:08:23]} Nf6 {[%clk 0:20:32]} 30. Rxd8+ {[%clk 0:05:37]} Qxd8
{[%clk 0:20:53]} 31. Qc4 {[%clk 0:03:16]} Qd4 {[%clk 0:15:49]} 32. Qb3
{[%clk 0:02:24]} Nxe4 {[%clk 0:15:44]} 33. Be3 {[%clk 0:02:49]} Qc3
{[%clk 0:15:12]} 34. Qa2 {[%clk 0:02:20]} Qc7 {[%clk 0:09:56]} 35. Rc2
{[%clk 0:02:32]} Nc5 {[%clk 0:10:11]} 36. Qc4 {[%clk 0:02:25]} Rc8
{[%clk 0:10:26]} 37. Qg4 {[%clk 0:02:25]} Qc6 {[%clk 0:09:50]} 38. Rd2
{[%clk 0:02:39]} Rf8 {[%clk 0:09:29]} 39. h4 {[%clk 0:02:07]} Qxa4
{[%clk 0:09:35]} 40. Qh3 {[%clk 0:02:35]} Qe4 {[%clk 0:04:34]} 41. h5
{[%clk 0:02:31]} Qb1+ {[%clk 0:02:20]} 42. Kh2 {[%clk 0:02:51]} gxh5
{[%clk 0:02:42]} 43. Qxh5 {[%clk 0:02:36]} Qf5 {[%clk 0:01:42]} 44. Qd1
{[%clk 0:02:53]} Ne4 {[%clk 0:01:37]} 45. Rb2 {[%clk 0:03:21]} Nc3
{[%clk 0:01:44]} 46. Qd2 {[%clk 0:02:07]} Qh5+ {[%clk 0:02:07]} 47. Kg1
{[%clk 0:02:30]} Qd1+ {[%clk 0:02:31]} 48. Kh2 {[%clk 0:02:35]} Qxd2
{[%clk 0:02:52]} 49. Bxd2 {[%clk 0:03:03]} Nd5 {[%clk 0:02:14]} 50. Rb5
{[%clk 0:03:31]} Rd8 {[%clk 0:02:33]}
0-1

[Event "Landsturneringen 2017"]
[Site "Clarion Energy Hotel, Stavanger"]
[Date "2017.06.30"]
[Round "1"]
[White "Tryggestad, Andreas G"]
[Black "Hauge, Lars Oskar"]
[Result "0-1"]
[WhiteElo "2314"]
[BlackElo "2448"]
[PlyCount "146"]

1. d4 {[%clk 1:30:55]} Nf6 {[%clk 1:29:47]} 2. c4 {[%clk 1:31:06]} e6
{[%clk 1:29:30]} 3. Nf3 {[%clk 1:31:19]} d5 {[%clk 1:29:47]} 4. Nc3
{[%clk 1:31:41]} dxc4 {[%clk 1:29:54]} 5. e3 {[%clk 1:27:59]} a6 {[%clk 1:29:40]}
6. a4 {[%clk 1:27:43]} c5 {[%clk 1:25:27]} 7. Bxc4 {[%clk 1:26:54]} Nc6
{[%clk 1:25:44]} 8. O-O {[%clk 1:20:53]} cxd4 {[%clk 1:25:26]} 9. exd4
{[%clk 1:18:08]} Bb4 {[%clk 1:25:23]} 10. Bg5 {[%clk 1:03:05]} O-O
{[%clk 1:25:38]} 11. Qd3 {[%clk 0:44:02]} Be7 {[%clk 1:25:24]} 12. Rfd1
{[%clk 0:43:56]} Bd7 {[%clk 1:09:37]} 13. Qe2 {[%clk 0:39:30]} Nb4
{[%clk 1:09:49]} 14. Ne5 {[%clk 0:39:33]} Be8 {[%clk 1:09:50]} 15. Rac1
{[%clk 0:34:50]} Nfd5 {[%clk 1:06:54]} 16. Bxe7 {[%clk 0:29:07]} Nxe7
{[%clk 1:07:09]} 17. Qf3 {[%clk 0:28:06]} Qb6 {[%clk 1:03:29]} 18. a5
{[%clk 0:23:30]} Qc7 {[%clk 0:59:40]} 19. Ne4 {[%clk 0:23:23]} Nbc6
{[%clk 0:56:27]} 20. Qg3 {[%clk 0:12:40]} Qxa5 {[%clk 0:42:02]} 21. Bd3
{[%clk 0:08:26]} Nxe5 {[%clk 0:30:04]} 22. dxe5 {[%clk 0:08:40]} Ng6
{[%clk 0:30:21]} 23. Ng5 {[%clk 0:07:51]} h6 {[%clk 0:17:49]} 24. Bxg6
{[%clk 0:06:44]} fxg6 {[%clk 0:18:13]} 25. Nxe6 {[%clk 0:07:03]} Rf7
{[%clk 0:18:34]} 26. Nd4 {[%clk 0:02:15]} Qb6 {[%clk 0:18:55]} 27. Qb3
{[%clk 0:02:23]} Qxb3 {[%clk 0:19:04]} 28. Nxb3 {[%clk 0:02:51]} Ba4
{[%clk 0:19:29]} 29. Rd3 {[%clk 0:03:07]} Re8 {[%clk 0:18:00]} 30. Nc5
{[%clk 0:02:25]} Bb5 {[%clk 0:17:30]} 31. Re3 {[%clk 0:02:53]} Rc7
{[%clk 0:15:31]} 32. f4 {[%clk 0:00:42]} b6 {[%clk 0:15:46]} 33. Nb3
{[%clk 0:01:04]} Rxc1+ {[%clk 0:16:12]} 34. Nxc1 {[%clk 0:01:32]} Rc8
{[%clk 0:16:34]} 35. Nd3 {[%clk 0:00:42]} Rc2 {[%clk 0:16:46]} 36. e6
{[%clk 0:00:48]} Rd2 {[%clk 0:13:34]} 37. e7 {[%clk 0:00:36]} Kf7
{[%clk 0:13:53]} 38. Ne5+ {[%clk 0:00:55]} Ke8 {[%clk 0:14:12]} 39. Nxg6
{[%clk 0:00:41]} Rxb2 {[%clk 0:13:31]} 40. f5 {[%clk 0:00:32]} Rb1+
{[%clk 0:10:46]} 41. Kf2 {[%clk 0:00:59]} Rf1+ {[%clk 0:10:42]} 42. Kg3
{[%clk 0:01:23]} Rxf5 {[%clk 0:11:00]} 43. Nf4 {[%clk 0:27:01]} Bd7
{[%clk 0:39:43]} 44. Nd3 {[%clk 0:23:38]} Rf7 {[%clk 0:35:10]} 45. Nb4
{[%clk 0:23:13]} Rxe7 {[%clk 0:35:34]} 46. Ra3 {[%clk 0:23:00]} Bb5
{[%clk 0:25:43]} 47. Nxa6 {[%clk 0:23:11]} Bxa6 {[%clk 0:26:09]} 48. Rxa6
{[%clk 0:23:33]} Rb7 {[%clk 0:26:35]} 49. Kf4 {[%clk 0:22:11]} Kd7
{[%clk 0:25:30]} 50. Ke5 {[%clk 0:20:50]} Kc6 {[%clk 0:25:53]} 51. Kd4
{[%clk 0:21:07]} Rd7+ {[%clk 0:24:28]} 52. Kc3 {[%clk 0:21:36]} Kc5
{[%clk 0:23:47]} 53. Ra4 {[%clk 0:21:02]} b5 {[%clk 0:23:52]} 54. Rf4
{[%clk 0:21:06]} g6 {[%clk 0:20:58]} 55. Rg4 {[%clk 0:20:17]} Rd6
{[%clk 0:21:06]} 56. Kb3 {[%clk 0:18:05]} Re6 {[%clk 0:21:16]} 57. Kc3
{[%clk 0:17:57]} Rc6 {[%clk 0:17:49]} 58. Rd4 {[%clk 0:15:51]} Ra6
{[%clk 0:16:23]} 59. Rg4 {[%clk 0:16:05]} g5 {[%clk 0:16:34]} 60. Kb3
{[%clk 0:15:59]} Rf6 {[%clk 0:15:08]} 61. Rg3 {[%clk 0:16:08]} Rf4
{[%clk 0:13:49]} 62. Rd3 {[%clk 0:13:38]} Rh4 {[%clk 0:12:58]} 63. h3
{[%clk 0:12:56]} Rd4 {[%clk 0:13:17]} 64. Rf3 {[%clk 0:12:49]} Rd2
{[%clk 0:12:18]} 65. Kc3 {[%clk 0:11:34]} Rd5 {[%clk 0:09:44]} 66. g4
{[%clk 0:08:48]} Re5 {[%clk 0:10:09]} 67. Rd3 {[%clk 0:05:38]} Re4
{[%clk 0:10:24]} 68. Kb3 {[%clk 0:05:24]} Rd4 {[%clk 0:10:14]} 69. Rf3
{[%clk 0:05:51]} Kd5 {[%clk 0:10:00]} 70. Rf5+ {[%clk 0:05:25]} Ke4
{[%clk 0:10:21]} 71. Rxb5 {[%clk 0:05:45]} Rd3+ {[%clk 0:10:47]} 72. Kc2
{[%clk 0:06:00]} Rxh3 {[%clk 0:11:11]} 73. Rf5 {[%clk 0:04:58]} Rf3
{[%clk 0:11:05]}
0-1

[Event "Landsturneringen 2017"]
[Site "Clarion Energy Hotel, Stavanger"]
[Date "2017.06.30"]
[Round "1"]
[White "Arvola, Benjamin"]
[Black "Risting, Eivind Olav"]
[Result "0-1"]
[WhiteElo "2435"]
[BlackElo "2295"]
[PlyCount "92"]

1. e4 {[%clk 1:30:14]} c6 {[%clk 1:30:47]} 2. d4 {[%clk 1:30:41]} d5
{[%clk 1:31:12]} 3. Nc3 {[%clk 1:31:08]} dxe4 {[%clk 1:31:36]} 4. Nxe4
{[%clk 1:31:34]} Nf6 {[%clk 1:31:47]} 5. Nxf6+ {[%clk 1:32:00]} exf6
{[%clk 1:32:11]} 6. c3 {[%clk 1:32:07]} Bd6 {[%clk 1:32:35]} 7. Bd3
{[%clk 1:29:48]} O-O {[%clk 1:32:40]} 8. Be3 {[%clk 1:27:07]} Re8
{[%clk 1:29:45]} 9. Qc2 {[%clk 1:25:27]} h5 {[%clk 1:20:01]} 10. Ne2
{[%clk 1:20:59]} h4 {[%clk 1:18:01]} 11. O-O-O {[%clk 1:19:22]} Nd7
{[%clk 1:17:02]} 12. g3 {[%clk 1:16:32]} h3 {[%clk 1:12:29]} 13. Bh7+
{[%clk 0:52:09]} Kh8 {[%clk 1:08:55]} 14. Bf5 {[%clk 0:52:33]} Nf8
{[%clk 1:08:03]} 15. d5 {[%clk 0:39:32]} Qa5 {[%clk 0:42:14]} 16. Rd4
{[%clk 0:39:48]} Kg8 {[%clk 0:30:26]} 17. Rhd1 {[%clk 0:26:06]} Bc5
{[%clk 0:24:52]} 18. Rh4 {[%clk 0:26:32]} Bxe3+ {[%clk 0:23:53]} 19. fxe3
{[%clk 0:27:00]} Bxf5 {[%clk 0:20:49]} 20. Qxf5 {[%clk 0:27:23]} Ng6
{[%clk 0:17:17]} 21. Rb4 {[%clk 0:24:03]} Rxe3 {[%clk 0:14:26]} 22. Nf4
{[%clk 0:20:24]} Re5 {[%clk 0:13:05]} 23. Qxh3 {[%clk 0:18:50]} Qxa2
{[%clk 0:10:25]} 24. dxc6 {[%clk 0:11:31]} Nxf4 {[%clk 0:08:23]} 25. Qd7
{[%clk 0:03:56]} Ne2+ {[%clk 0:03:24]} 26. Kc2 {[%clk 0:04:25]} bxc6
{[%clk 0:03:24]} 27. Qxc6 {[%clk 0:03:12]} Rae8 {[%clk 0:03:37]} 28. Ra4
{[%clk 0:03:36]} Qe6 {[%clk 0:03:30]} 29. Qxe6 {[%clk 0:04:04]} R8xe6
{[%clk 0:02:58]} 30. Rxa7 {[%clk 0:04:26]} Rh5 {[%clk 0:02:41]} 31. Rd8+
{[%clk 0:03:23]} Kh7 {[%clk 0:03:10]} 32. Rxf7 {[%clk 0:03:43]} Rxh2
{[%clk 0:03:19]} 33. Rd2 {[%clk 0:04:05]} Rg2 {[%clk 0:02:55]} 34. b4
{[%clk 0:02:50]} Rxg3 {[%clk 0:03:02]} 35. Rc7 {[%clk 0:03:15]} Ree3
{[%clk 0:02:13]} 36. c4 {[%clk 0:03:45]} Nf4 {[%clk 0:01:50]} 37. b5
{[%clk 0:03:39]} Rc3+ {[%clk 0:02:03]} 38. Kb2 {[%clk 0:03:57]} Rb3+
{[%clk 0:02:14]} 39. Ka2 {[%clk 0:04:13]} Ra3+ {[%clk 0:01:29]} 40. Kb2
{[%clk 0:04:38]} Rgb3+ {[%clk 0:01:20]} 41. Kc2 {[%clk 0:04:57]} Rc3+
{[%clk 0:00:54]} 42. Kb1 {[%clk 0:05:20]} Nd3 {[%clk 0:28:23]} 43. Rxd3
{[%clk 0:35:46]} Rxd3 {[%clk 0:28:45]} 44. Rc6 {[%clk 0:36:14]} Rd2
{[%clk 0:27:52]} 45. b6 {[%clk 0:36:18]} Rf3 {[%clk 0:27:39]} 46. Kc1
{[%clk 0:36:43]} Ra2 {[%clk 0:27:43]}
0-1

[Event "Landsturneringen 2017"]
[Site "Clarion Energy Hotel, Stavanger"]
[Date "2017.06.30"]
[Round "1"]
[White "Aulin-Jansson, Jøran"]
[Black "Mihajlov, Sebastian"]
[Result "1/2-1/2"]
[WhiteElo "2267"]
[BlackElo "2414"]
[PlyCount "114"]

1. e4 {[%clk 1:30:57]} e6 {[%clk 1:30:50]} 2. f4 {[%clk 1:31:12]} d5
{[%clk 1:30:26]} 3. d3 {[%clk 1:31:35]} c5 {[%clk 1:30:32]} 4. Nf3
{[%clk 1:31:19]} Nc6 {[%clk 1:30:24]} 5. Nc3 {[%clk 1:31:05]} Nf6
{[%clk 1:29:58]} 6. g3 {[%clk 1:30:18]} g6 {[%clk 1:22:39]} 7. Bg2
{[%clk 1:27:54]} Bg7 {[%clk 1:22:33]} 8. O-O {[%clk 1:28:16]} O-O
{[%clk 1:22:59]} 9. e5 {[%clk 1:18:23]} Nd7 {[%clk 1:20:02]} 10. d4
{[%clk 1:18:31]} cxd4 {[%clk 1:16:28]} 11. Ne2 {[%clk 1:17:09]} b6
{[%clk 1:12:59]} 12. Nexd4 {[%clk 1:16:58]} Nxd4 {[%clk 1:12:57]} 13. Nxd4
{[%clk 1:17:19]} Ba6 {[%clk 1:13:22]} 14. Re1 {[%clk 1:15:59]} Nc5
{[%clk 1:11:39]} 15. b4 {[%clk 1:08:53]} Ne4 {[%clk 1:11:34]} 16. b5
{[%clk 1:09:14]} Bb7 {[%clk 1:11:58]} 17. c4 {[%clk 1:09:38]} Rc8
{[%clk 1:11:13]} 18. Ba3 {[%clk 1:05:00]} Rxc4 {[%clk 1:02:07]} 19. Nc6
{[%clk 0:49:00]} Bxc6 {[%clk 0:39:09]} 20. bxc6 {[%clk 0:49:22]} Nc3
{[%clk 0:39:36]} 21. Qd3 {[%clk 0:46:59]} Rxc6 {[%clk 0:37:10]} 22. Rac1
{[%clk 0:43:57]} Qc7 {[%clk 0:36:01]} 23. Bd6 {[%clk 0:43:36]} Rxd6
{[%clk 0:34:34]} 24. exd6 {[%clk 0:43:24]} Qc5+ {[%clk 0:34:59]} 25. Kh1
{[%clk 0:41:50]} Rd8 {[%clk 0:35:01]} 26. g4 {[%clk 0:40:03]} Rxd6
{[%clk 0:32:54]} 27. f5 {[%clk 0:35:24]} d4 {[%clk 0:31:18]} 28. fxe6
{[%clk 0:34:32]} Rxe6 {[%clk 0:26:26]} 29. Rxe6 {[%clk 0:34:04]} fxe6
{[%clk 0:26:52]} 30. Rf1 {[%clk 0:34:19]} Qe7 {[%clk 0:25:38]} 31. Qc4
{[%clk 0:27:39]} Be5 {[%clk 0:06:45]} 32. Re1 {[%clk 0:19:39]} Qd6
{[%clk 0:07:10]} 33. g5 {[%clk 0:15:36]} Kg7 {[%clk 0:05:46]} 34. Qc8
{[%clk 0:11:24]} Nd5 {[%clk 0:03:27]} 35. Qb7+ {[%clk 0:09:14]} Nc7
{[%clk 0:03:56]} 36. Rf1 {[%clk 0:04:00]} Bf4 {[%clk 0:04:04]} 37. h4
{[%clk 0:03:00]} d3 {[%clk 0:04:28]} 38. Qe4 {[%clk 0:01:58]} d2 {[%clk 0:04:35]}
39. Bf3 {[%clk 0:02:27]} e5 {[%clk 0:04:23]} 40. Kg2 {[%clk 0:02:17]} Ne6
{[%clk 0:04:02]} 41. Qb7+ {[%clk 0:00:38]} Qc7 {[%clk 0:03:42]} 42. Qa8
{[%clk 0:24:09]} h6 {[%clk 0:28:04]} 43. Bg4 {[%clk 0:19:03]} Nd8
{[%clk 0:28:26]} 44. gxh6+ {[%clk 0:17:52]} Kxh6 {[%clk 0:28:49]} 45. Bf3
{[%clk 0:18:11]} Kg7 {[%clk 0:26:34]} 46. Qd5 {[%clk 0:18:00]} Qe7
{[%clk 0:26:35]} 47. Rh1 {[%clk 0:17:18]} Nf7 {[%clk 0:22:27]} 48. h5
{[%clk 0:15:00]} gxh5 {[%clk 0:21:15]} 49. Rxh5 {[%clk 0:13:45]} Qd6
{[%clk 0:21:29]} 50. Rh7+ {[%clk 0:06:59]} Kxh7 {[%clk 0:21:52]} 51. Qxf7+
{[%clk 0:07:26]} Kh6 {[%clk 0:20:32]} 52. Be4 {[%clk 0:06:30]} d1=Q
{[%clk 0:18:01]} 53. Qh7+ {[%clk 0:06:49]} Kg5 {[%clk 0:18:27]} 54. Qf5+
{[%clk 0:07:11]} Kh4 {[%clk 0:18:51]} 55. Qh3+ {[%clk 0:07:33]} Kg5
{[%clk 0:19:17]} 56. Qf5+ {[%clk 0:07:56]} Kh6 {[%clk 0:19:43]} 57. Qh7+
{[%clk 0:08:21]} Kg5 {[%clk 0:20:06]}
1/2-1/2

[Event "Landsturneringen 2017"]
[Site "Clarion Energy Hotel, Stavanger"]
[Date "2017.06.30"]
[Round "1"]
[White "Holm, Kristian Stuvik"]
[Black "Machlik, Endre"]
[Result "1-0"]
[WhiteElo "2403"]
[BlackElo "2194"]
[PlyCount "55"]

1. d4 {[%clk 1:27:45]} d5 {[%clk 1:30:43]} 2. Nf3 {[%clk 1:27:56]} Nf6
{[%clk 1:30:55]} 3. Bf4 {[%clk 1:27:48]} Bf5 {[%clk 1:29:15]} 4. c4
{[%clk 1:27:09]} e6 {[%clk 1:27:46]} 5. Nc3 {[%clk 1:26:45]} Be7 {[%clk 1:26:24]}
6. e3 {[%clk 1:26:11]} O-O {[%clk 1:24:31]} 7. Be2 {[%clk 1:18:35]} dxc4
{[%clk 1:16:01]} 8. Bxc4 {[%clk 1:08:57]} c5 {[%clk 1:15:25]} 9. dxc5
{[%clk 0:56:17]} Bxc5 {[%clk 1:13:43]} 10. Qe2 {[%clk 0:53:46]} Ne4
{[%clk 1:07:32]} 11. Nxe4 {[%clk 0:51:55]} Bxe4 {[%clk 1:07:45]} 12. O-O
{[%clk 0:52:03]} Nc6 {[%clk 1:05:35]} 13. Nd2 {[%clk 0:44:07]} Bg6
{[%clk 1:05:16]} 14. Nb3 {[%clk 0:44:21]} Bb6 {[%clk 1:01:17]} 15. Rad1
{[%clk 0:39:06]} Qf6 {[%clk 1:01:03]} 16. Rd7 {[%clk 0:39:13]} Rfd8
{[%clk 0:59:01]} 17. Rfd1 {[%clk 0:32:28]} Rxd7 {[%clk 0:45:27]} 18. Rxd7
{[%clk 0:32:52]} Rd8 {[%clk 0:44:46]} 19. Rxd8+ {[%clk 0:29:41]} Qxd8
{[%clk 0:43:08]} 20. a3 {[%clk 0:28:32]} Kf8 {[%clk 0:34:53]} 21. h3
{[%clk 0:27:11]} a6 {[%clk 0:26:27]} 22. Qf3 {[%clk 0:24:56]} Qd7
{[%clk 0:18:15]} 23. Bg3 {[%clk 0:18:50]} Bc2 {[%clk 0:09:24]} 24. Kh2
{[%clk 0:15:02]} Na5 {[%clk 0:04:01]} 25. Nxa5 {[%clk 0:14:41]} Bxa5
{[%clk 0:04:28]} 26. Qf4 {[%clk 0:13:01]} b5 {[%clk 0:01:22]} 27. Be2
{[%clk 0:11:34]} Bd1 {[%clk 0:00:36]} 28. Qd6+ {[%clk 0:11:48]}
1-0

[Event "Landsturneringen 2017"]
[Site "Clarion Energy Hotel, Stavanger"]
[Date "2017.07.01"]
[Round "2"]
[White "Hauge, Lars Oskar"]
[Black "Agdestein, Simen"]
[Result "1/2-1/2"]
[WhiteElo "2448"]
[BlackElo "2604"]
[PlyCount "45"]

1. e4 {[%clk 1:30:54]} Nf6 {[%clk 1:29:28]} 2. e5 {[%clk 1:30:19]} Nd5
{[%clk 1:29:01]} 3. c4 {[%clk 1:29:54]} Nb6 {[%clk 1:29:28]} 4. a4
{[%clk 1:30:20]} a5 {[%clk 1:22:41]} 5. Ra3 {[%clk 1:30:44]} d6 {[%clk 1:14:03]}
6. exd6 {[%clk 1:30:30]} exd6 {[%clk 1:13:23]} 7. Rg3 {[%clk 1:30:37]} Bf5
{[%clk 1:08:06]} 8. Nc3 {[%clk 1:30:32]} Nc6 {[%clk 1:06:01]} 9. d4
{[%clk 1:29:39]} Nb4 {[%clk 1:00:34]} 10. Be2 {[%clk 1:26:13]} d5
{[%clk 0:51:51]} 11. c5 {[%clk 1:22:13]} Nd7 {[%clk 0:45:24]} 12. Bg4
{[%clk 1:14:21]} Qe7+ {[%clk 0:38:14]} 13. Nge2 {[%clk 1:08:53]} Bxg4
{[%clk 0:34:30]} 14. Rxg4 {[%clk 1:09:15]} Nf6 {[%clk 0:32:25]} 15. Rg3
{[%clk 1:09:18]} Qd7 {[%clk 0:30:29]} 16. Bf4 {[%clk 1:07:05]} Be7
{[%clk 0:28:24]} 17. Be5 {[%clk 1:02:35]} O-O {[%clk 0:14:30]} 18. Qd2
{[%clk 0:57:19]} Kh8 {[%clk 0:07:53]} 19. Rxg7 {[%clk 0:36:44]} Kxg7
{[%clk 0:08:13]} 20. Qg5+ {[%clk 0:37:10]} Kh8 {[%clk 0:08:41]} 21. Bxf6+
{[%clk 0:37:03]} Bxf6 {[%clk 0:09:09]} 22. Qxf6+ {[%clk 0:37:26]} Kg8
{[%clk 0:09:38]} 23. Qg5+ {[%clk 0:37:43]}
1/2-1/2

[Event "Landsturneringen 2017"]
[Site "Clarion Energy Hotel, Stavanger"]
[Date "2017.07.01"]
[Round "2"]
[White "Tari, Aryan"]
[Black "Holm, Kristian Stuvik"]
[Result "1/2-1/2"]
[WhiteElo "2593"]
[BlackElo "2403"]
[PlyCount "77"]

1. c4 {[%clk 1:30:57]} e6 {[%clk 1:30:40]} 2. Nc3 {[%clk 1:30:45]} d5
{[%clk 1:29:58]} 3. d4 {[%clk 1:30:35]} Nf6 {[%clk 1:30:04]} 4. cxd5
{[%clk 1:29:33]} Nxd5 {[%clk 1:28:39]} 5. e4 {[%clk 1:29:01]} Nxc3
{[%clk 1:29:03]} 6. bxc3 {[%clk 1:29:26]} c5 {[%clk 1:29:29]} 7. Rb1
{[%clk 1:21:42]} Be7 {[%clk 1:16:20]} 8. Nf3 {[%clk 1:18:47]} O-O
{[%clk 1:16:24]} 9. Be2 {[%clk 1:14:23]} cxd4 {[%clk 1:13:39]} 10. cxd4
{[%clk 1:13:33]} b6 {[%clk 1:13:39]} 11. O-O {[%clk 1:12:22]} Bb7
{[%clk 1:13:52]} 12. Qd3 {[%clk 1:11:14]} Nd7 {[%clk 1:09:00]} 13. Be3
{[%clk 1:06:33]} Rc8 {[%clk 1:02:06]} 14. a4 {[%clk 0:55:42]} Nf6
{[%clk 0:57:53]} 15. Nd2 {[%clk 0:55:14]} Qc7 {[%clk 0:50:17]} 16. f3
{[%clk 0:53:17]} Rfd8 {[%clk 0:45:39]} 17. Qb3 {[%clk 0:47:35]} Qc3
{[%clk 0:35:31]} 18. a5 {[%clk 0:42:11]} Qxa5 {[%clk 0:24:39]} 19. Ra1
{[%clk 0:42:19]} Qc3 {[%clk 0:24:24]} 20. Rxa7 {[%clk 0:41:24]} Qxb3
{[%clk 0:22:36]} 21. Nxb3 {[%clk 0:41:51]} Rc3 {[%clk 0:22:35]} 22. Bf2
{[%clk 0:28:53]} Rxb3 {[%clk 0:16:36]} 23. Rxb7 {[%clk 0:29:21]} Ba3
{[%clk 0:16:53]} 24. Rd1 {[%clk 0:27:13]} h6 {[%clk 0:12:42]} 25. g4
{[%clk 0:24:26]} Bb2 {[%clk 0:09:25]} 26. Rc7 {[%clk 0:20:28]} b5
{[%clk 0:08:03]} 27. Rb7 {[%clk 0:09:27]} b4 {[%clk 0:06:47]} 28. h4
{[%clk 0:09:07]} Bc3 {[%clk 0:06:09]} 29. g5 {[%clk 0:08:15]} hxg5
{[%clk 0:05:35]} 30. hxg5 {[%clk 0:08:44]} Nh5 {[%clk 0:05:21]} 31. g6
{[%clk 0:08:28]} fxg6 {[%clk 0:04:08]} 32. Bc4 {[%clk 0:08:54]} Rb2
{[%clk 0:04:01]} 33. Bxe6+ {[%clk 0:08:53]} Kh7 {[%clk 0:04:29]} 34. Rf7
{[%clk 0:02:48]} g5 {[%clk 0:03:22]} 35. d5 {[%clk 0:01:53]} Nf4 {[%clk 0:03:33]}
36. Bf5+ {[%clk 0:02:22]} Kg8 {[%clk 0:03:37]} 37. Rb7 {[%clk 0:02:22]} Be5
{[%clk 0:02:39]} 38. Kf1 {[%clk 0:01:18]} Ne2 {[%clk 0:01:55]} 39. Be6+
{[%clk 0:01:02]}
1/2-1/2

[Event "Landsturneringen 2017"]
[Site "Clarion Energy Hotel, Stavanger"]
[Date "2017.07.01"]
[Round "2"]
[White "Gandrud, Vegar Koi"]
[Black "Urkedal, Frode Olav Olsen"]
[Result "1/2-1/2"]
[WhiteElo "2330"]
[BlackElo "2541"]
[PlyCount "99"]

1. d4 {[%clk 1:30:53]} Nf6 {[%clk 1:30:56]} 2. c4 {[%clk 1:31:18]} e6
{[%clk 1:31:23]} 3. Nf3 {[%clk 1:31:43]} b6 {[%clk 1:31:50]} 4. g3
{[%clk 1:32:05]} Ba6 {[%clk 1:32:17]} 5. Nbd2 {[%clk 1:32:26]} Bb4
{[%clk 1:32:43]} 6. Qa4 {[%clk 1:32:47]} Qe7 {[%clk 1:32:32]} 7. a3
{[%clk 1:32:34]} Bxd2+ {[%clk 1:32:56]} 8. Bxd2 {[%clk 1:32:30]} Bb7
{[%clk 1:33:22]} 9. Bg2 {[%clk 1:32:23]} O-O {[%clk 1:33:47]} 10. O-O
{[%clk 1:32:33]} d6 {[%clk 1:34:15]} 11. b4 {[%clk 1:29:58]} Ne4 {[%clk 1:28:28]}
12. Qc2 {[%clk 1:27:07]} Nxd2 {[%clk 1:28:03]} 13. Nxd2 {[%clk 1:24:53]} Bxg2
{[%clk 1:28:23]} 14. Kxg2 {[%clk 1:25:18]} Nd7 {[%clk 1:28:19]} 15. Nb3
{[%clk 1:21:08]} c5 {[%clk 1:27:25]} 16. Rfd1 {[%clk 1:16:44]} Rac8
{[%clk 1:27:28]} 17. Rac1 {[%clk 0:59:35]} Rfd8 {[%clk 1:18:33]} 18. Qd3
{[%clk 0:50:50]} cxd4 {[%clk 1:09:48]} 19. Qxd4 {[%clk 0:43:36]} Nf6
{[%clk 1:09:41]} 20. Qe3 {[%clk 0:41:17]} Qb7+ {[%clk 1:04:29]} 21. Qf3
{[%clk 0:40:57]} Qa6 {[%clk 1:01:56]} 22. Nd4 {[%clk 0:39:04]} Rxc4
{[%clk 0:55:55]} 23. Rxc4 {[%clk 0:35:53]} Qxc4 {[%clk 0:56:15]} 24. Nc6
{[%clk 0:35:19]} Re8 {[%clk 0:55:53]} 25. Rxd6 {[%clk 0:33:47]} a5
{[%clk 0:52:16]} 26. Qd3 {[%clk 0:21:20]} Qxd3 {[%clk 0:51:33]} 27. Rxd3
{[%clk 0:21:42]} axb4 {[%clk 0:51:23]} 28. axb4 {[%clk 0:21:03]} Ra8
{[%clk 0:50:24]} 29. Kf3 {[%clk 0:15:23]} h5 {[%clk 0:50:33]} 30. Rd8+
{[%clk 0:12:14]} Rxd8 {[%clk 0:50:15]} 31. Nxd8 {[%clk 0:12:42]} Kf8
{[%clk 0:49:17]} 32. Nc6 {[%clk 0:13:08]} Ke8 {[%clk 0:48:55]} 33. e4
{[%clk 0:13:20]} g5 {[%clk 0:48:30]} 34. h3 {[%clk 0:12:47]} Kd7 {[%clk 0:48:13]}
35. Ne5+ {[%clk 0:12:59]} Ke7 {[%clk 0:48:30]} 36. Ke3 {[%clk 0:12:30]} Ne8
{[%clk 0:47:24]} 37. Kd4 {[%clk 0:09:36]} Nc7 {[%clk 0:45:24]} 38. Nc4
{[%clk 0:06:24]} b5 {[%clk 0:45:48]} 39. Ne5 {[%clk 0:03:56]} Na6
{[%clk 0:45:24]} 40. Nd3 {[%clk 0:03:59]} f6 {[%clk 0:43:47]} 41. f4
{[%clk 0:27:38]} Kd6 {[%clk 1:11:50]} 42. e5+ {[%clk 0:27:21]} fxe5+
{[%clk 1:12:01]} 43. fxe5+ {[%clk 0:27:47]} Ke7 {[%clk 1:11:28]} 44. h4
{[%clk 0:27:25]} gxh4 {[%clk 1:09:23]} 45. gxh4 {[%clk 0:27:50]} Kf7
{[%clk 1:09:44]} 46. Ke4 {[%clk 0:27:28]} Kg6 {[%clk 1:08:48]} 47. Nf4+
{[%clk 0:27:14]} Kf7 {[%clk 1:09:12]} 48. Nd3 {[%clk 0:26:52]} Kg6
{[%clk 1:09:30]} 49. Nf4+ {[%clk 0:27:14]} Kf7 {[%clk 1:09:56]} 50. Nd3
1/2-1/2